| 000 | 00632nam a22001817a 4500 | ||
|---|---|---|---|
| 003 | LK-CoDNM | ||
| 005 | 20241018123329.0 | ||
| 008 | 241018b |||||||| |||| 00| 0 eng d | ||
| 040 |
_aLK-CoDNM _dLK-CoDNM _eLK-CoDNM |
||
| 041 | _asin | ||
| 080 |
_aප්ර.ධ _b18 |
||
| 245 | _aධම් ශ්රී සංග්රහව 1928ජනවාරි - 1 කාණ්ඩය - 1- 2කලාප | ||
| 260 | _c1928 | ||
| 300 | _a14p. : 21 cm | ||
| 650 | _aප්ර.ධ18 | ||
| 650 | _aධම් ශ්රී සංග්රහව 1928ජනවාරි - 1 කාණ්ඩය - 1- 2කලාප | ||
| 942 | _cBK | ||
| 999 |
_c220164 _d220164 |
||